000 00415nam a2200133Ia 4500
008 220615s9999||||xx |||||||||||||| ||und||
022 _a2632-0983
245 0 _aAlginates
_bRecent Uses of This Natural Polymer
546 _aEnglish[eng]
650 _aMedical microbiology & virology
700 _aPereira, Leonel
856 _uhttps://mts.intechopen.com/storage/books/8019/authors_book/authors_book.pdf
942 _cEB
999 _c9606
_d9606